La Mujer en el proceso productivo del café: los casos de Costa Rica y Brasil /
Analiza el papel de la mujer en el proceso de expansión cafetalera en Costa Rica y Brasil. Se parte de la tesis de que el capitalismo periférico de ambos países requiere del modo de producción doméstico para funcionar. El modo de producción doméstico es precapitalista y emplea mano de obra femenina...
Tallennettuna:
| Päätekijä: | |
|---|---|
| Muut tekijät: | |
| Aineistotyyppi: | Teksti |
| Aiheet: | |
| Tagit: |
Lisää tagi
Ei tageja, Lisää ensimmäinen tagi!
|
MARC
| LEADER | 00000 a a2200000 04500 | ||
|---|---|---|---|
| 001 | 14837 | ||
| 003 | |||
| 040 | |||
| 100 | |a Grossman, Shana R. | ||
| 245 | |a La Mujer en el proceso productivo del café: los casos de Costa Rica y Brasil / |c Shana R. Grossman ; Harold Leandro | ||
| 520 | |a Analiza el papel de la mujer en el proceso de expansión cafetalera en Costa Rica y Brasil. Se parte de la tesis de que el capitalismo periférico de ambos países requiere del modo de producción doméstico para funcionar. El modo de producción doméstico es precapitalista y emplea mano de obra femenina para la subsistencia y reproducción de la fuerza de trabajo. Así, el trabajo femenino no sólo es el de las labores domésticas cotidianas y rutinarias (lavar, planchar, parir, criar niños, cocinar, etc.) sino que incluye el trabajo no remunerado de producción agrícola y animal, tanto de autoconsumo como el que se destina al mercado. Este no es valorizado, pues a pesar de que ella realiza trabajo a nivel de área productiva, se le considera inactiva, debido a la especialidad de su labor, en la cual la mujer es usada como reserva de mano de obra barata, temporal y/o estacional. En detalle los autores exponen una breve reseña histórica del papel de la mujer en el ámbito económico en Costa Rica. En lo que concierne a Brasil se estudia el colonato (1880-1960's), el trabajo libre asalariado y las condiciones de trabajo. Concluye mencionando que este tipo de actividades dentro del proceso productivo del café, no le permite a la mujer desarrollar "experiencias" de lucha reivindicativa que conlleven a una toma de conciencia sobre su papel de sobrexplotación en el sistema. HB/HMBQ | ||
| 650 | |a TRABAJO | ||
| 650 | |a PRODUCCION | ||
| 650 | |a CAFE | ||
| 650 | |a MUJERES | ||
| 650 | |a PRODUCCION AGROPECUARIA | ||
| 650 | |a TRABAJADORAS | ||
| 650 | |a PUB.IIS | ||
| 700 | |a Leandro, Harold | ||
| 773 | |g número 45 -46; páginas 143-154 | ||
| 999 | |c 39025 |d 39025 | ||
| 773 | 0 | |0 18728 |9 3095 |a Universidad de Costa Rica |d San José, Costa Rica Editorial UCR 1956- |o 16852 |t Revista de Ciencias Sociales/ |x 04825276 | |
